000 00588nam a22002052 4500
001 10870
003 BD-RjUL
005 20211208235030.0
008 140125s1952 xxk 000 0 eng d
035 _aOCLC ocm30176740 from D971024M
_a(BD-RjUL)10919
040 _aUKM
_cUKM
_dEQO
_dBD-RjUL
_beng
041 _aeng
082 0 4 _a551.5
_218
_bRYW 1952
100 1 _aRyder, Thomas Arthur.
_933607
245 1 0 _aWeather whys /
_cThomas Arthur Ryder.
260 _bElliot,
_c1952.
_aSurrey :
300 _a143 p. :
_bill. ;
_c20 cm.
830 0 _aRight way books series
_933611
942 _2ddc
_cBK
999 _c10870
_d10870